<The> Unified software development process

Salvato in:
Dettagli Bibliografici
Autore principale: Jacobson, Ivar
Altri autori: Booch, Grady, Rumbaugh, James
Natura: Libro
Lingua:inglese
Pubblicazione: Boston Addison-Wesley 2004
Serie:<The> Addison-Wesley object technology series
Soggetti:
Tags: Aggiungi Tag
Nessun Tag, puoi essere il primo ad aggiungerne!!

MARC

LEADER 00000nam$a2200000$$$4500
001 0019711
005 20240306135348.1
041 0 |a eng 
044 |a US 
245 1 0 |a <The> Unified software development process  |c Ivar Jacobson, Grady Booch, James Rumbaugh 
264 1 |a Boston  |b Addison-Wesley  |c 2004 
300 |a 463 s. 
490 1 |a <The> Addison-Wesley object technology series 
830 0 |a <The> Addison-Wesley object technology series 
610 2 0 |a softvér 
610 2 0 |a technológie informačné 
610 2 0 |a technológie komunikačné 
610 2 0 |a vývoj 
610 2 0 |a výskum 
610 2 0 |a jazyky programovacie 
610 2 0 |a modely 
610 2 0 |a projekty technologické 
610 2 0 |a systémy informačné 
610 2 0 |a počítače 
610 2 0 |a programy počítačové 
100 1 |a Jacobson, Ivar 
700 1 |a Booch, Grady 
700 1 |a Rumbaugh, James